| 000 | 01168nam a2200361 a 4500 | ||
|---|---|---|---|
| 001 | 50507 | ||
| 003 | BD-RjUL | ||
| 005 | 20211209075523.0 | ||
| 008 | 160827s1966 gw o 001 0 eng | ||
| 020 | _a9783642620188 (electronic bk.) | ||
| 020 | _a3642620183 (electronic bk.) | ||
| 020 | _z9783540586630 | ||
| 020 | _z3540586636 | ||
| 035 | _a(BD-RjUL)50627 | ||
| 040 |
_aAU@ _beng _epn _cAU@ _dOCLCO _dOCLCQ _dGW5XE _dOCLCQ _dBD-RjUL |
||
| 041 | _aeng | ||
| 082 | 0 | 4 |
_a514.2 _223 _bHIT 1966 |
| 100 | 1 |
_aHirzebruch, Friedrich. _9151295 |
|
| 245 | 1 | 0 |
_aTopological Methods in Algebraic Geometry / _cby Friedrich Hirzebruch. |
| 250 | _a3rd. enlarged ed. | ||
| 260 |
_aBerlin, Heidelberg : _bSpringer Berlin Heidelberg, _c1966. |
||
| 300 |
_a232 p. ; _c24 cm. |
||
| 490 | 1 |
_aClassics in Mathematics, _v131 |
|
| 500 | _aInclude index | ||
| 650 | 0 |
_aMathematics. _9151296 |
|
| 650 | 0 |
_aGeometry, Algebraic. _9151297 |
|
| 650 | 0 |
_aAlgebraic topology. _9151184 |
|
| 655 | 4 |
_aElectronic books. _9129485 |
|
| 776 | 0 | 8 |
_iPrint version: _z9783540586630 |
| 830 | 0 |
_aClassics in mathematics ; _v131. _9151301 |
|
| 942 |
_2ddc _cBK |
||
| 999 |
_c50507 _d50507 |
||